Регионална библиотека "Любен Каравелов" - Русе

Собрание сочинений Вальтер Скотта (Запис номер 425477)

MARC детайли
000 -Лидер
Контролно поле с фиксирана дължина nam a22 a 4500
003 - Код на организацията, давaща контролен номер
Контролно поле BLK
005 - Дата и час на последна редакция
Контролно поле 20210727134953.0
008 - Елементи от данни с фиксирана дължина
fixed length control field 210727b bu |||||r|||| 00| | bu d
040 ## - Източник на каталожния запис
Идентификатор на билиотеката - собственик на записа BLK
041 ## - Код за език
Код за езика на текст/звукозапис или на отделно заглавие Руски
Код за езика КДБФ Руски
080 ## - УДК
Текстов определител УДК Английска литература
УДК код - определител по УДК 821.111
УДК определител -31
УДК - код + определител 821.111-31
100 ## - Редна дума - Автор
R(LIN) 1299
Автор Скотт, Вальтер
Авторска отговорност първи автор
139 ## - Редно поле
Редна дума Скотт, Вальтер
245 ## - Сведения за заглавието
Заглавие Собрание сочинений Вальтер Скотта
Подзаглавни данни Т. 1-18.
Редно поле (дума) В. Скотт ; пер. В. А. Тимирязева
Том Т. 4
Заглавие на том Ламермурская невеста : Роман
257 ## - Страна на издаване
Страна на създаване/издаване Русия
260 ## - Област на издателските данни
9 (RLIN) 460520
Място на издаване, разпространение и проч. Санкт-Петербург
Име на издателя, разпространителя и проч. Г. Ф. Пантелеев
Година на издаване 1896
300 ## - Физическа характеристика
Страници 260 с.
Размери/Мащаб 20 см
380 ## - Жанр
Жанр Худож. лит.
490 ## - СЕРИИ (Колекции)
9 (RLIN) 435080
Име на серия Колекция Редки и ценни издания
490 ## - СЕРИИ (Колекции)
9 (RLIN) 460521
Име на серия Собрание сочинений избранных иностранных писателей
700 ## - Други автори (авторска отговорност)
9 (RLIN) 759
Лично име Тимирязев, Василий Аркадьевич
Автороска отговорност (Описва отношението между автора и произведението) пер.
852 ## - Местоположение
Форматна сигнатура Рр 896
Фондова буква Редки и ценни
999 ## - СИСТЕМНИ КОНТРОЛНИ НОМЕРА
Koha biblionumber 425477
Koha biblioitemnumber 425477
942 ## - АРТИКУЛИ
Вид на библиотечния материал Книги
Скрит в OPAC Не
Периодичен библиозапис Да
944 ## - СЪЗДАВАНЕ И РЕДАКЦИЯ на ЗАПИСА
Създаване/Редакция Създаване
Дата на регистрацията/редакция 2021-07-27
Служител, извършил регистрацията/редакцията ВП
Наличности
Код за отписване Код за изгубен артикул Източник на класификационната схема Код за повреда Коз за рестрикции Код за отдаване Артикулен № Име на библиотеката - собственик Име на библиотеката, в която се намира в момента Статус (Текущо местоположение) Дата на вписване в системата Местоположение - отдел Цена в лева Инвентарен номер Систематично азбучна сигнатура Баркод Цена в евро Служебен тип на артикула
  Не е изгубен Universal Decimal Classification Не е повреден само за читалня Специални фондове ( старопечатни, редки и ценни, фонд М. Арнаудов) 855438 Регионална библиотека "Любен Каравелов" Русе Регионална библиотека "Любен Каравелов" Русе Редки и ценни 2021-09-24 Редки и ценни 0.21 2358-IV Рр 896 900000071129 0.11 Книги
Vip Innovations Ltd, Rousse, Bulgaria 2025